Statistics for Countries With the Most Cats

Click here to take the quiz!

General Stats

  • This quiz has been taken 90 times
  • The average score is 9 of 10

Answer Stats

Cats (in millions)Answer% Correct
76.4United States
100%
53.1China
98%
7.7United Kingdom
98%
7.7Germany
95%
9.6France
93%
12.7Russia
92%
9.4Italy
90%
7.3Japan
90%
12.5Brazil
81%
7.4Ukraine
49%

Score Distribution

Percentile by Number Answered

Percent of People with Each Score

Your Score History

You have not taken this quiz